Sports Quiz

Random Sports Quiz
Score 0/8 Timer 04:00
0 Plays Today
Year Founded School % Correct
1826Lafayette College
86.8%
1845United States Naval Academy
85.8%
1802United States Military Academy
82.1%
1846Bucknell University
81.1%
1865Lehigh University
79.2%
1843College of the Holy Cross
73.6%
1819Colgate University
71.7%
1893American University
67.9%
Remove Ads.
Support Sporcle.
Get the best of Sporcle when you Go Orange. This ad-free experience offers more features, more stats, and more fun while also helping to support Sporcle. Thank you for becoming a member.

You're not logged in!

Compare scores with friends on all Sporcle quizzes.
OR
Log In

Show Comments

Extras

Top Quizzes Today


Score Distribution

Your Account Isn't Verified!

In order to create a playlist on Sporcle, you need to verify the email address you used during registration. Go to your Sporcle Settings to finish the process.

Report this User

Report this user for behavior that violates our Community Guidelines.

Details: